000 00274nam a2200121Ia 4500
008 190216s9999||||xx |||||||||||||| ||und||
100 _aPaul May
245 4 _aThe Business Of E Commerce
260 _bCambridge Uty Press
300 _a270
650 _aCommerce
942 _cBK
999 _c6710
_d6710